000 00276dam a22001097a 4500
999 _c2965
_d2965
008 190510e1978 sp ||||| |||| 00| 0 spa d
100 _aLevene, G.
245 _aAtlas de dermatologia
250 _a1a ed.
260 _aBarcelona
_bEditorial cientifico medica
_c1978
500 _aBaja